000 01359nam a2200337 c 4500
999 _c114462
_d114462
003 BLK
005 20250517134711.0
008 180409b bul|||||r ||||||| ||bul||
010 _aKNG00119893000
040 _aBLK
041 _aBUL
_cBUL
080 _aКолумбийска литература
_b821.134.2(861)
_x-31
_z821.134.2(861)-31
100 1 _aГарсия Маркес, Габриел
_eпърви автор
_9242204
139 _aГарсия Маркес, Габриел
_bГ 23
245 1 0 _aХроника на една предизвестена смърт
_bРоман
_cГабриел Гарсия Маркес; прев. от исп. Емилия Юлзари.
257 _aCOL
260 _aСофия
_bПрофиздат
_c1989
_fВраца : В. Александров
300 _a88 с.
_c20 см
380 _aX
490 _aБиблиотека Век
_9201613
500 _aОриг. загл. Gronica de una muerte anunciada / Gabriel Garsia Marques.
653 _aромани
700 1 _aЮлзари, Емилия
_eпрев. от исп.
_9368326
852 _aЦб 156912
856 4 _qpdf
_i0.00
_ldisable
856 4 _qpdf
_i0.00
_ldisable
942 _cKNG
_n0
_012
_s1
944 _aCR
_c15.10.2010
_lРадостина Карадакова
_k30534
944 _aED
_c04.03.2014
_lф / 14.10.2010
999 _d114462